| 000 | 00777nam a2200253Ia 4500 | ||
|---|---|---|---|
| 003 | OSt | ||
| 005 | 20220927110420.0 | ||
| 006 | a|||||r|||| 00| 0 | ||
| 007 | ta | ||
| 008 | 220926b |||||||| |||| 00| 0 eng d | ||
| 024 | _a76204 | ||
| 037 | _cReports | ||
| 040 |
_aRTL _cRTL _beng |
||
| 041 |
_2eng _aeng |
||
| 082 | _a"X723.25275.N38t, G9" | ||
| 110 |
_a"Uttar pradesh, Revenue (Board)" _9378109 |
||
| 245 | 0 | _aFinal report of the settlement operations in the Bahraich district | |
| 260 |
_aAllahabad _bSuptd Printing and Stationery India _c1939 |
||
| 300 |
_a59 p _ccm. |
||
| 650 | _aLand Taxation | ||
| 700 |
_a"Uttar pradesh, Revenue (Board)" _9378110 |
||
| 942 |
_h"X723.25275.N38t, G9" _cCC |
||
| 999 |
_c696618 _d696618 |
||